KOHA-Header-6

Foundations of Psychology (Record no. 10163)

000 -LEADER
fixed length control field 00285nam a22001337a 4500
020 ## - INTERNATIONAL STANDARD BOOK NUMBER
ISBN 0-17-490018-X
082 ## - DEWEY DECIMAL CLASSIFICATION NUMBER
Classification number 150
100 ## - MAIN ENTRY--AUTHOR NAME
Personal name Nicky Hayes
245 ## - TITLE STATEMENT
Title Foundations of Psychology
260 ## - PUBLICATION, DISTRIBUTION, ETC. (IMPRINT)
Place of publication USA
Name of publisher McGraw Hill
Year of publication 1996
300 ## - PHYSICAL DESCRIPTION
Number of Pages 1116
650 ## - SUBJECT ADDED ENTRY--TOPICAL TERM
Topical Term Psychology
942 ## - ADDED ENTRY ELEMENTS (KOHA)
Koha item type Books
Holdings
Withdrawn status Lost status Collection code Permanent Location Current Location Shelving location Date acquired Full call number Accession Number Koha item type
    Psychology MAJU MAJU Shelf No.A35 2019-09-20 150 9300 Psychology

Powered by Koha